000 00766nam a22002417a 4500
999 _c6896
_d6896
003 AR-CdUCM
008 190319b ||||| |||| 00| 0 spa d
040 _aMUNICIPALIDAD PROVINCIAL DEL CUSCO
_cBIBLIOTECA MUNICIPAL DEL CUSCO
082 _a598.0723485 /
_bP66
100 _aPlenge, Manuel A.
_919432
245 _aBibliografia de las aves del Perú 1590 - 2000 /
260 _aLima :
_bConsultores Asociados en Naturaleza y Desarrollo,
_c2000.
300 _a341 paginas :
_c29cm.
500 _aEn Asociacion con Cordibi, Unob, Candes
650 _aAves
_92630
650 _aDiversidad
_915934
650 _aPerú
_935
650 _aEjemplares
_919433
650 _aPoblación
_93673
700 _aLeon, Michell
_919434
942 _2ddc
_cLIBROS
945 _apjha